00737nam a2200241 a 4500001001300000003000900013005001700022008004100039020001000080082001500090100002100105245004800126260003800174300000900212500003500221505006600256650002700322700002100349902000800370942000700378952009500385999001500480nice12345678IN_TiNIC20260116011402.0050524s1927 lona grp 000 0 eng  ac10000a226.3bRAW aRawlinson, A E J aGospel According to St Markb 2nd Edidtion. aLondonbMethuen and Companyc1927 a278p aincludes index and biblioraphy2 awith Introduction, Commentary and additional notes and Index. aBible N.T. Gospel Mark1 aRawlinson, A E J bSRS cBK 00104070aHMIbHMId2007-06-20g100.00l0o226.3 RAWp3387r2007-06-20w2026-01-16yARB c1078d1078